[Event "SVK-ch U18/20"]
[Site "Tatralandia"]
[Date "2025.05.17"]
[Round "8"]
[White "Geletka, Tomas"]
[Black "Kulich, Daniel"]
[Result "0-1"]
[WhiteElo "1774"]
[BlackElo "1919"]
[PlyCount "39"]
[EventDate "2025.05.11"]
[EventType "swiss"]
[EventRounds "9"]
[EventCountry "SVK"]
[SourceTitle "CB21_2025"]
[SourceDate "2025.05.21"]
[SourceVersion "1"]
[SourceVersionDate "2025.05.21"]
[SourceQuality "1"]

1. d4 d5 2. Bf4 Nf6 3. e3 c5 4. c3 Nc6 5. Nd2 Bf5 6. Qb3 Qb6 7. Ngf3 c4 8. Qxb6 axb6 9. Be2 h6 10. 0-0 e6 11. h3 b5 12. Rfc1 b4 13. Bd1 b5 14. a4 bxa3 15. bxa3 Ra5 16. Ne5 Nxe5 17. Bxe5 Bxa3 18. Nf3 Kd7 19. Be2 Rha8 20. Rd1 0-1

[Event "SVK-ch U18/20"]
[Site "Tatralandia"]
[Date "2025.05.13"]
[Round "3"]
[White "Kulich, Daniel"]
[Black "Sujan, Daniel"]
[Result "1/2-1/2"]
[WhiteElo "1919"]
[BlackElo "1874"]
[PlyCount "120"]
[EventDate "2025.05.11"]
[EventType "swiss"]
[EventRounds "9"]
[EventCountry "SVK"]
[SourceTitle "CB21_2025"]
[SourceDate "2025.05.21"]
[SourceVersion "1"]
[SourceVersionDate "2025.05.21"]
[SourceQuality "1"]

1. d4 Nf6 2. c4 e6 3. g3 d5 4. Bg2 Be7 5. Nf3 0-0 6. 0-0 b6 7. cxd5 exd5 8. Nc3 Be6 9. Bf4 c5 10. Rc1 Nbd7 11. Nb5 Nh5 12. Be3 a6 13. Nc3 c4 14. Ne5 Nhf6 15. Nc6 Qe8 16. Bf4 b5 17. a3 Nb6 18. Nxe7+ Qxe7 19. Bd2 Bf5 20. Na2 Rfe8 21. Ba5 Na4 22. Nc3 Nxc3 23. Bxc3 Qxe2 24. Re1 Qxd1 25. Rcxd1 Re6 26. Re5 Be4 27. Bxe4 dxe4 28. Rxe6 fxe6 29. Re1 Kf7 30. h3 Ke7 31. g4 h6 32. Bb4+ Kd7 33. Kg2 g5 34. Kg3 Re8 35. f4 exf3 36. Kxf3 Nd5 37. Bd2 Rf8+ 38. Kg3 Nf4 39. Bc3 Nd3 40. Re2 Kd6 41. h4 gxh4+ 42. Kxh4 Rf3 43. Bd2 Nf4 44. Bb4+ Kd5 45. Rh2 Kxd4 46. Bc3+ Rxc3 47. bxc3+ Kxc3 48. Kg3 Ng6 49. Rxh6 Ne5 50. Rxe6 Nxg4 51. Kxg4 a5 52. Re5 b4 53. Rxa5 b3 54. Rb5 b2 55. a4 Kc2 56. a5 b1Q 57. Rxb1 Kxb1 58. a6 c3 59. a7 c2 60. a8Q c1Q 1/2-1/2

[Event "SVK-chT1W 2425"]
[Site "Slovakia"]
[Date "2025.01.11"]
[Round "5.6"]
[White "Kulich, Daniel"]
[Black "Bombek, Peter"]
[Result "0-1"]
[WhiteElo "1952"]
[BlackElo "2093"]
[PlyCount "90"]
[EventDate "2024.11.16"]
[EventType "team-tourn"]
[EventRounds "11"]
[EventCountry "SVK"]
[SourceTitle "CB14_2025"]
[SourceDate "2024.11.01"]
[SourceVersion "1"]
[SourceVersionDate "2024.11.01"]
[SourceQuality "1"]
[WhiteTeam "Povazske Podhradie"]
[BlackTeam "Dubnica nad Vahom II"]
[WhiteTeamCountry "SVK"]
[BlackTeamCountry "SVK"]

1. d4 d5 2. Nf3 Nf6 3. c4 e6 4. g3 dxc4 5. Bg2 c5 6. 0-0 Nc6 7. dxc5 Qxd1 8. Rxd1 Bxc5 9. Nbd2 c3 10. bxc3 0-0 11. Nb3 Be7 12. Nfd4 Nxd4 13. cxd4 Nd5 14. Bb2 f5 15. Rdc1 Rd8 16. a4 b6 17. Nd2 Ba6 18. Rc6 Rac8 19. Rac1 Nb4 20. Rxc8 Rxc8 21. Rxc8+ Bxc8 22. Nb1 Bd7 23. Nc3 Bf6 24. e3 Kf7 25. Bf3 e5 26. Nd5 Nd3 27. dxe5 Nxb2 28. exf6 gxf6 29. Kf1 Nxa4 30. Ke2 Nc5 31. Kd2 Bc6 32. Bh5+ Ke6 33. Nf4+ Ke5 34. Nd3+ Nxd3 35. Kxd3 Bb5+ 36. Kd2 Bc4 37. Be8 a5 38. f4+ Ke4 39. Bc6+ Bd5 40. Bb5 Kf3 41. Be2+ Kg2 42. Bd3 Be6 43. e4 fxe4 44. Bxe4+ Kxh2 45. Bxh7 Kxg3 0-1

[Event "SVK-chT1W 2425"]
[Site "Slovakia"]
[Date "2024.12.07"]
[Round "3.5"]
[White "Kulich, Daniel"]
[Black "Lecky, Juraj"]
[Result "0-1"]
[WhiteElo "1952"]
[BlackElo "2164"]
[PlyCount "52"]
[EventDate "2024.11.16"]
[EventType "team-tourn"]
[EventRounds "11"]
[EventCountry "SVK"]
[SourceTitle "CB14_2025"]
[SourceDate "2024.11.01"]
[SourceVersion "1"]
[SourceVersionDate "2024.11.01"]
[SourceQuality "1"]
[WhiteTeam "Povazske Podhradie"]
[BlackTeam "Levice"]
[WhiteTeamCountry "SVK"]
[BlackTeamCountry "SVK"]

1. d4 Nf6 2. c4 c5 3. d5 g6 4. Nc3 Bg7 5. e4 d6 6. Bd3 0-0 7. Nge2 e6 8. 0-0 exd5 9. exd5 Ng4 10. Bf4 f5 11. Qd2 Ne5 12. Nc1 Nbd7 13. Rb1 Nf7 14. f3 Nde5 15. a3 Qf6 16. N3e2 a5 17. b4 axb4 18. axb4 b6 19. Rb3 Re8 20. Nc3 Ba6 21. b5 Bc8 22. Re1 Bd7 23. Bg3 Nxd3 24. Rxe8+ Rxe8 25. Nxd3 Qd4+ 26. Bf2 Qxc4 0-1

[Event "SVK-chT2C 2425"]
[Site "Slovakia"]
[Date "2024.11.30"]
[Round "3.6"]
[White "Kulich, Daniel"]
[Black "Listiak, Juraj"]
[Result "1/2-1/2"]
[WhiteElo "2012"]
[BlackElo "1946"]
[PlyCount "54"]
[EventDate "2024.11.09"]
[EventType "team-tourn"]
[EventRounds "11"]
[EventCountry "SVK"]
[SourceTitle "CB51_2024"]
[SourceDate "2024.12.18"]
[SourceVersion "1"]
[SourceVersionDate "2024.12.18"]
[SourceQuality "1"]
[WhiteTeam "Rajecke Teplice"]
[BlackTeam "Banska Bystrica PSK"]
[WhiteTeamCountry "SVK"]
[BlackTeamCountry "SVK"]

1. d4 d5 2. c4 e6 3. Nf3 Nf6 4. g3 Be7 5. Bg2 0-0 6. 0-0 c6 7. Nc3 b6 8. Ne5 Bb7 9. e4 Nbd7 10. Bf4 Nxe5 11. dxe5 Nxe4 12. Nxe4 dxe4 13. Bxe4 Qc7 14. Qg4 Rfd8 15. h4 Rd4 16. Qf3 Rad8 17. b3 R4d7 18. Rad1 Rxd1 19. Rxd1 Rxd1+ 20. Qxd1 c5 21. Bxb7 Qxb7 22. f3 h6 23. h5 Qc8 24. Kf2 Qc7 25. Qd2 Qd8 26. Ke2 Qc7 27. Qe3 Qc6 1/2-1/2

[Event "SVK-chT2C 2425"]
[Site "Slovakia"]
[Date "2024.11.09"]
[Round "1.6"]
[White "Vasylchuk, Diana"]
[Black "Kulich, Daniel"]
[Result "0-1"]
[WhiteElo "1951"]
[BlackElo "2012"]
[PlyCount "106"]
[EventDate "2024.11.09"]
[EventType "team-tourn"]
[EventRounds "11"]
[EventCountry "SVK"]
[SourceTitle "CB51_2024"]
[SourceDate "2024.12.18"]
[SourceVersion "1"]
[SourceVersionDate "2024.12.18"]
[SourceQuality "1"]
[WhiteTeam "Filakovo"]
[BlackTeam "Rajecke Teplice"]
[WhiteTeamCountry "SVK"]
[BlackTeamCountry "SVK"]

1. e4 c6 2. c4 d5 3. exd5 cxd5 4. cxd5 Nf6 5. Qa4+ Nbd7 6. Nc3 g6 7. Bc4 Bg7 8. Nf3 0-0 9. d3 b6 10. Qc6 Rb8 11. Bf4 Bb7 12. Qa4 Nc5 13. Qa3 Rc8 14. d4 Nce4 15. Nxe4 Rxc4 16. d6 Re8 17. Nxf6+ Bxf6 18. 0-0 Bxf3 19. Qxf3 Rxd4 20. dxe7 Qxe7 21. Rab1 Qe4 22. Qxe4 Rexe4 23. Be3 Rc4 24. b3 Rc2 25. a4 Bd4 26. Bxd4 Rxd4 27. g3 Rd3 28. b4 Ra2 29. Ra1 Rda3 30. Rxa2 Rxa2 31. a5 bxa5 32. bxa5 Rxa5 33. Rd1 Rc5 34. Ra1 a5 35. Kf1 Kf8 36. Ke2 Rd5 37. Ke3 Ke7 38. Ke4 Ke6 39. g4 f5+ 40. gxf5+ Rxf5 41. f4 Kd6 42. Rc1 a4 43. Rc8 Ra5 44. Kd4 a3 45. Rc1 a2 46. Ra1 Ke6 47. Ke4 Ra4+ 48. Kf3 Kf5 49. Kg3 Ra3+ 50. Kg2 Kxf4 51. h3 Kg5 52. Kh2 Kh4 53. Kg2 h5 0-1

[Event "Bohumin op-A 7th"]
[Site "Bohumin"]
[Date "2024.07.01"]
[Round "4"]
[White "Kulich, Daniel"]
[Black "Krajewska, Katarzyna"]
[Result "1-0"]
[WhiteElo "1904"]
[BlackElo "1977"]
[PlyCount "40"]
[EventDate "2024.06.29"]
[EventType "swiss"]
[EventRounds "9"]
[EventCountry "CZE"]
[SourceTitle "CBM 221 Extra"]
[Source "ChessBase"]
[SourceDate "2024.09.30"]
[SourceVersion "1"]
[SourceVersionDate "2024.09.30"]
[SourceQuality "1"]

1. e4 e6 2. d4 d5 3. Nd2 dxe4 4. Nxe4 Bd7 5. Nf3 Bc6 6. Bd3 Nd7 7. 0-0 Ngf6 8. Qe2 Bxe4 9. Bxe4 Nxe4 10. Qxe4 c6 11. Bf4 Nf6 12. Qe2 Bd6 13. Ne5 Qc7 14. Bg3 h5 15. Nc4 Bxg3 16. hxg3 0-0-0 17. Qe5 h4 18. gxh4 Rxh4 19. c3 Qe7 20. Ne3 Ng4 1-0

[Event "SVK-ch U2300"]
[Site "Liptovsky Jan"]
[Date "2024.06.18"]
[Round "7"]
[White "Recky, Norbert"]
[Black "Kulich, Daniel"]
[Result "0-1"]
[WhiteElo "1769"]
[BlackElo "1904"]
[PlyCount "54"]
[EventDate "2024.06.15"]
[EventType "swiss"]
[EventRounds "8"]
[EventCountry "SVK"]
[SourceTitle "CBM 220 Extra"]
[Source "ChessBase"]
[SourceDate "2024.07.31"]
[SourceVersion "1"]
[SourceVersionDate "2024.07.31"]
[SourceQuality "1"]

1. e4 c5 2. Nf3 d6 3. d4 cxd4 4. Nxd4 Nf6 5. Nc3 a6 6. Be2 e5 7. Nb3 Be7 8. 0-0 0-0 9. f4 b5 10. fxe5 dxe5 11. Be3 Nbd7 12. Bf3 Bb7 13. Qd3 Qc7 14. Nd5 Nxd5 15. exd5 Bd6 16. Be4 g6 17. Bh6 f5 18. Bxf5 Rxf5 19. Rxf5 e4 20. Qxe4 gxf5 21. Qxf5 Bxh2+ 22. Kh1 Be5 23. Qe6+ Kh8 24. Re1 Bxb2 25. Qe8+ Nf8 26. Qe4 Qf7 27. Nd4 Qh5+ 0-1

[Event "SVK-ch U2300"]
[Site "Liptovsky Jan"]
[Date "2024.06.17"]
[Round "6"]
[White "Kulich, Daniel"]
[Black "Kovacik, Oliver"]
[Result "1/2-1/2"]
[WhiteElo "1904"]
[BlackElo "1631"]
[PlyCount "131"]
[EventDate "2024.06.15"]
[EventType "swiss"]
[EventRounds "8"]
[EventCountry "SVK"]
[SourceTitle "CBM 220 Extra"]
[Source "ChessBase"]
[SourceDate "2024.07.31"]
[SourceVersion "1"]
[SourceVersionDate "2024.07.31"]
[SourceQuality "1"]

1. d4 c5 2. Nf3 cxd4 3. Nxd4 Nc6 4. g3 g6 5. Bg2 Bg7 6. Nb3 Nf6 7. 0-0 0-0 8. c4 Na5 9. Nxa5 Qxa5 10. Qb3 d6 11. Bd2 Qh5 12. Nc3 Rb8 13. Qb5 Qg4 14. Bf3 Qh3 15. Bg2 Qg4 16. h3 Qf5 17. Rac1 a6 18. Qxf5 Bxf5 19. g4 Be6 20. b3 h5 21. g5 Nd7 22. Nd5 Bxd5 23. Bxd5 Ne5 24. Bc3 b5 25. f4 Nd7 26. Bxg7 Kxg7 27. cxb5 axb5 28. Rc7 Nb6 29. Bc6 e6 30. e4 Rfc8 31. Rxc8 Nxc8 32. f5 Na7 33. Bd7 exf5 34. Rc1 Rb7 35. Bc8 Nxc8 36. Rxc8 fxe4 37. Re8 Ra7 38. Rxe4 Rxa2 39. Rd4 Rb2 40. Rb4 f6 41. Rxb5 fxg5 42. Rxg5 Rxb3 43. Kg2 Kf6 44. Rd5 Rb6 45. Kg3 g5 46. h4 gxh4+ 47. Kxh4 Ke6 48. Rxh5 Rb4+ 49. Kg3 d5 50. Kf3 Kd6 51. Ke3 Kc5 52. Rh8 Rb3+ 53. Kd2 Kc4 54. Rh4+ d4 55. Rh8 Rb2+ 56. Kc1 Re2 57. Kd1 Kd3 58. Rh3+ Re3 59. Rh2 Rg3 60. Rd2+ Kc3 61. Rc2+ Kb3 62. Rc8 Rg2 63. Rc7 Rg3 64. Kd2 Rc3 65. Rb7+ Ka4 66. Rd7 1/2-1/2

[Event "SVK-ch U18/20"]
[Site "Tatralandia"]
[Date "2024.04.09"]
[Round "6"]
[White "Kulich, Daniel"]
[Black "Compel, Daniel"]
[Result "0-1"]
[WhiteElo "1941"]
[BlackElo "2220"]
[PlyCount "200"]
[EventDate "2024.04.05"]
[EventType "swiss"]
[EventRounds "9"]
[EventCountry "SVK"]
[SourceTitle "CBM 219 Extra"]
[Source "ChessBase"]
[SourceDate "2024.05.31"]
[SourceVersion "1"]
[SourceVersionDate "2024.05.31"]
[SourceQuality "1"]

1. e4 c5 2. Nf3 d6 3. d4 cxd4 4. Nxd4 Nf6 5. Nc3 Nc6 6. g3 g6 7. Bg2 Nxd4 8. Qxd4 Bg7 9. 0-0 0-0 10. Qd3 Be6 11. Be3 Rc8 12. Rfd1 Qa5 13. Bd4 a6 14. Ne2 b5 15. a3 Rfd8 16. Bc3 Qc7 17. Rac1 h5 18. h3 Kh7 19. f4 Bc4 20. Qf3 Bxe2 21. Qxe2 Nd7 22. Bxg7 Kxg7 23. Kh2 Nb6 24. Qf2 Qc5 25. Qxc5 dxc5 26. Bf1 Kf8 27. Kg2 Ke8 28. Kf3 Na4 29. b3 Nc3 30. Rd3 Rxd3+ 31. cxd3 b4 32. a4 Rd8 33. Ke3 Rd4 34. Be2 Kf8 35. h4 Kg7 36. Bf3 f6 37. Rc2 e5 38. Rc1 Rd8 39. Rg1 Kh6 40. Rg2 Re8 41. Rg1 Rh8 42. Rg2 Kg7 43. Rg1 Kf7 44. Rf1 Ke6 45. Bg2 Kd6 46. Bf3 Rg8 47. Rg1 Ke6 48. Rg2 Rh8 49. Rg1 f5 50. Re1 Re8 51. exf5+ Kxf5 52. Be4+ Kf6 53. Rf1 exf4+ 54. Rxf4+ Kg7 55. Kf3 Rd8 56. Ke3 Rd7 57. g4 Re7 58. Kf3 Nxe4 59. Rxe4 Rxe4 60. Kxe4 hxg4 61. Kf4 Kf6 62. Kxg4 Ke5 63. Kg5 Kd4 64. Kxg6 Kxd3 65. h5 c4 66. bxc4 b3 67. h6 b2 68. h7 b1Q 69. h8Q Kxc4+ 70. Kg5 Qg1+ 71. Kf4 Qf2+ 72. Kg5 Qg3+ 73. Kf5 Qf3+ 74. Kg5 Qd5+ 75. Kf4 Kb3 76. Ke3 a5 77. Qe8 Qc5+ 78. Kd3 Qc2+ 79. Kd4 Qd2+ 80. Kc5 Qb4+ 81. Kd5 Qc4+ 82. Kd6 Kb4 83. Qe1+ Kxa4 84. Qa1+ Kb5 85. Ke5 a4 86. Qb2+ Qb3 87. Qd4 a3 88. Qd7+ Kb4 89. Qd6+ Kc3 90. Qd4+ Kc2 91. Qe4+ Qd3 92. Qa4+ Kb2 93. Qb4+ Kc2 94. Qb7 Qc3+ 95. Ke4 a2 96. Qa8 a1Q 97. Qxa1 Qxa1 98. Kf4 Kd3 99. Kg4 Ke4 100. Kh5 Qg7 0-1

[Event "SVK-ch U18/20"]
[Site "Tatralandia"]
[Date "2024.04.05"]
[Round "1"]
[White "Osvald, Jakub"]
[Black "Kulich, Daniel"]
[Result "0-1"]
[WhiteElo "1517"]
[BlackElo "1941"]
[PlyCount "100"]
[EventDate "2024.04.05"]
[EventType "swiss"]
[EventRounds "9"]
[EventCountry "SVK"]
[SourceTitle "CBM 219 Extra"]
[Source "ChessBase"]
[SourceDate "2024.05.31"]
[SourceVersion "1"]
[SourceVersionDate "2024.05.31"]
[SourceQuality "1"]

1. d4 Nf6 2. Bf4 c5 3. e3 d5 4. Nf3 Nc6 5. c3 e6 6. Nbd2 Be7 7. Bd3 Nh5 8. Ne5 Nxf4 9. exf4 Qb6 10. Nxc6 bxc6 11. Qb3 Qc7 12. Qa4 Bd7 13. Nf3 c4 14. Be2 c5 15. Qc2 cxd4 16. Nxd4 Qxf4 17. Qd2 Qxd2+ 18. Kxd2 0-0 19. Rhd1 Rfb8 20. Rab1 Bc5 21. Ke1 Ba4 22. Rd2 Rb6 23. Bd1 Bxd1 24. Rdxd1 Rab8 25. b4 cxb3 26. Nxb3 Bd6 27. g3 Be5 28. Rbc1 Rc6 29. Kd2 Rbc8 30. Nd4 Bxd4 31. cxd4 Rxc1 32. Rxc1 Rxc1 33. Kxc1 Kf8 34. Kc2 Ke7 35. f4 Kd6 36. Kc3 h6 37. Kb4 Kc6 38. Ka5 Kb7 39. a4 a6 40. Kb4 Kb6 41. a5+ Kc6 42. Ka4 f6 43. Kb4 h5 44. h4 Kd6 45. Kc3 e5 46. fxe5+ fxe5 47. dxe5+ Kxe5 48. Kd3 d4 49. Ke2 Ke4 50. Kd2 d3 0-1

[Event "SVK-chT2B 2324"]
[Site "Slovakia"]
[Date "2024.02.10"]
[Round "8.5"]
[White "Kulich, Daniel"]
[Black "Papp, Gabor3"]
[Result "1/2-1/2"]
[WhiteElo "1903"]
[BlackElo "1713"]
[PlyCount "27"]
[EventDate "2023.10.07"]
[EventType "team-tourn"]
[EventRounds "11"]
[EventCountry "SVK"]
[SourceTitle "EXT 2025"]
[Source "ChessBase"]
[SourceDate "2024.10.14"]
[SourceVersion "1"]
[SourceVersionDate "2024.10.14"]
[SourceQuality "1"]
[WhiteTeam "Povazske Podhradie"]
[BlackTeam "Levice III"]
[WhiteTeamCountry "SVK"]
[BlackTeamCountry "SVK"]

1. b3 Nf6 2. e3 d5 3. Bb2 Bf5 4. Nf3 e6 5. d4 c5 6. Nbd2 Nc6 7. Ne5 cxd4 8. Nxc6 bxc6 9. Bxd4 Bd6 10. Be2 0-0 11. 0-0 Qe7 12. c4 Rfd8 13. Qc1 Rac8 14. Rd1 1/2-1/2

[Event "SVK-chT3B2 2324"]
[Site "Slovakia"]
[Date "2023.11.19"]
[Round "4.2"]
[White "Kulich, Daniel"]
[Black "Rucek, Kristian"]
[Result "0-1"]
[WhiteElo "1880"]
[BlackElo "2204"]
[PlyCount "66"]
[EventDate "2023.10.15"]
[EventType "team-tourn"]
[EventRounds "11"]
[EventCountry "SVK"]
[SourceTitle "EXT 2025"]
[Source "ChessBase"]
[SourceDate "2024.10.14"]
[SourceVersion "1"]
[SourceVersionDate "2024.10.14"]
[SourceQuality "1"]
[WhiteTeam "Povazske Podhradie III"]
[BlackTeam "Belusa"]
[WhiteTeamCountry "SVK"]
[BlackTeamCountry "SVK"]

1. Nf3 d5 2. d4 c5 3. c3 Nf6 4. Bf4 Nc6 5. e3 Qb6 6. Qc1 Bf5 7. Nbd2 e6 8. dxc5 Bxc5 9. Nb3 Be7 10. Nbd4 Bg6 11. Be2 h6 12. h3 0-0 13. 0-0 Rac8 14. Rd1 Ne4 15. Bd3 Bf6 16. Bh2 Rfe8 17. Nb3 Nb4 18. Bb1 Bxc3 19. Bxe4 dxe4 20. bxc3 exf3 21. gxf3 Nc2 22. Rb1 Qc6 23. Nd2 Qxc3 24. Rxb7 Qa5 25. Qb2 Qg5+ 26. Kh1 Red8 27. Rg1 Qh5 28. Rb5 Qxh3 29. Rxg6 fxg6 30. Rb7 e5 31. Qb3+ Kh7 32. Qf7 Rg8 33. Rxa7 Ne1 0-1

[Event "SVK-chT2B 2324"]
[Site "Slovakia"]
[Date "2023.11.12"]
[Round "4.6"]
[White "Nagy, Attila4"]
[Black "Kulich, Daniel"]
[Result "0-1"]
[WhiteElo "1892"]
[BlackElo "1903"]
[PlyCount "72"]
[EventDate "2023.10.07"]
[EventType "team-tourn"]
[EventRounds "11"]
[EventCountry "SVK"]
[SourceTitle "EXT 2025"]
[Source "ChessBase"]
[SourceDate "2024.10.14"]
[SourceVersion "1"]
[SourceVersionDate "2024.10.14"]
[SourceQuality "1"]
[WhiteTeam "Batorove Kosihy"]
[BlackTeam "Povazske Podhradie"]
[WhiteTeamCountry "SVK"]
[BlackTeamCountry "SVK"]

1. d4 Nf6 2. Nc3 d5 3. Bf4 c6 4. e3 Bf5 5. Nf3 h6 6. Ne5 Nbd7 7. g4 Bh7 8. h4 Qa5 9. Bd3 Bxd3 10. Qxd3 e6 11. 0-0-0 Nxe5 12. dxe5 Nd7 13. g5 g6 14. gxh6 Bxh6 15. Bg5 Bxg5 16. hxg5 0-0-0 17. Qd4 Qc7 18. f4 Kb8 19. Qd2 Qc8 20. Qg2 Nb6 21. Rxh8 Rxh8 22. Rh1 Qf8 23. Rh3 Nc4 24. Nd1 Rxh3 25. Qxh3 Qb4 26. c3 Qa4 27. Qh8+ Kc7 28. a3 Na5 29. Qf8 Nb3+ 30. Kb1 Qe4+ 31. Ka2 Nc1+ 32. Ka1 Qc2 33. Qe7+ Kb6 34. Qb4+ Ka6 35. Nf2 Nb3+ 36. Ka2 Nd2 0-1

[Event "Valasska Bystrice op"]
[Site "Valasska Bystrice"]
[Date "2023.09.11"]
[Round "4"]
[White "Susen, Jaroslav"]
[Black "Kulich, Daniel"]
[Result "1/2-1/2"]
[WhiteElo "1777"]
[BlackElo "1932"]
[PlyCount "88"]
[EventDate "2023.09.09"]
[EventType "swiss"]
[EventRounds "9"]
[EventCountry "CZE"]
[SourceTitle "CBM 216 Extra"]
[Source "ChessBase"]
[SourceDate "2023.11.30"]
[SourceVersion "1"]
[SourceVersionDate "2023.11.30"]
[SourceQuality "1"]

1. d4 Nf6 2. c4 c5 3. d5 b5 4. cxb5 a6 5. bxa6 g6 6. Nc3 Bg7 7. e4 0-0 8. Be3 Qa5 9. Bd2 Bxa6 10. Bxa6 Qxa6 11. Nge2 e6 12. 0-0 Qb7 13. Bc1 Na6 14. f3 Nb4 15. a3 exd5 16. Na4 Na6 17. exd5 Nxd5 18. Qc2 Rfe8 19. Nac3 Rab8 20. Nxd5 Qxd5 21. Rd1 Qe6 22. Kf1 Nc7 23. Rb1 Nd5 24. Nf4 Ne3+ 25. Bxe3 Qxe3 26. Nd5 Qe5 27. f4 Rxb2 28. Rxb2 Qxb2 29. Qxb2 Bxb2 30. Rd2 Rb8 31. Ne7+ Kf8 32. Rxd7 Bxa3 33. Nc6 Re8 34. Ne5 Re7 35. Rd8+ Kg7 36. Rc8 Rb7 37. Nd3 Rb5 38. Rc7 Kh6 39. Ne5 f5 40. Nd7 Rb1+ 41. Kf2 Bb2 42. Nf8 Bg7 43. Ne6 Bd4+ 44. Kg3 Bf6 1/2-1/2

[Event "Stare Mesto op"]
[Site "Stare Mesto"]
[Date "2023.08.12"]
[Round "8"]
[White "Babula, Vlastimil1"]
[Black "Kulich, Daniel"]
[Result "1-0"]
[WhiteElo "2297"]
[BlackElo "1899"]
[PlyCount "79"]
[EventDate "2023.08.05"]
[EventType "swiss"]
[EventRounds "9"]
[EventCountry "CZE"]
[SourceTitle "EXT 2024"]
[Source "ChessBase"]
[SourceDate "2023.10.10"]
[SourceVersion "1"]
[SourceVersionDate "2023.10.10"]
[SourceQuality "1"]

1. d4 Nf6 2. Nc3 e6 3. e4 d5 4. e5 Ng8 5. Nf3 c5 6. dxc5 Bxc5 7. Bd3 Ne7 8. 0-0 Ng6 9. Re1 Bd7 10. a3 Qc7 11. Qd2 a6 12. b4 Ba7 13. Bb2 0-0 14. Qg5 Qb6 15. Re2 Nc6 16. Nd1 Qd8 17. Qd2 Rc8 18. Re1 Bb8 19. Rc1 Na7 20. Ng5 Qe8 21. h4 Bb5 22. c4 Bxc4 23. Bc2 h6 24. h5 hxg5 25. hxg6 fxg6 26. Qxg5 Qf7 27. Re3 Bb5 28. Bxg6 Qf4 29. Qh5 Qh6 30. Qg4 Rxc1 31. Qxe6+ Kh8 32. Bxc1 Bd7 33. Qxd7 Qxg6 34. Qxd5 Qf7 35. e6 Qe7 36. Rh3+ Kg8 37. Qe4 g6 38. Qxg6+ Qg7 39. Qxg7+ Kxg7 40. Bh6+ 1-0

[Event "Stare Mesto op"]
[Site "Stare Mesto"]
[Date "2023.08.05"]
[Round "1"]
[White "Murko, David"]
[Black "Kulich, Daniel"]
[Result "0-1"]
[WhiteElo "2198"]
[BlackElo "1899"]
[PlyCount "78"]
[EventDate "2023.08.05"]
[EventType "swiss"]
[EventRounds "9"]
[EventCountry "CZE"]
[SourceTitle "EXT 2024"]
[Source "ChessBase"]
[SourceDate "2023.10.10"]
[SourceVersion "1"]
[SourceVersionDate "2023.10.10"]
[SourceQuality "1"]

1. e4 c6 2. d4 d5 3. e5 Bf5 4. h4 h5 5. Bd3 Bxd3 6. Qxd3 Qa5+ 7. Nd2 e6 8. Ngf3 Nh6 9. 0-0 Nf5 10. c4 Be7 11. g3 0-0 12. b3 Rd8 13. Bb2 c5 14. Qe2 Qa6 15. dxc5 Bxc5 16. Kh2 Nh6 17. Kh3 Nc6 18. a3 dxc4 19. Nxc4 Na5 20. Nfd2 Rxd2 21. Qxd2 Nxb3 22. Qf4 Nxa1 23. Rxa1 Ng4 24. Nd6 Nxf2+ 25. Kg2 Bxd6 26. Qxf2 Qc6+ 27. Kh2 Bc5 28. Qe2 Rd8 29. Rc1 g6 30. Rc2 Qd5 31. Bc1 Qd4 32. Qe1 Rd5 33. Bf4 b6 34. Rd2 Qc3 35. Qe2 Rxd2 36. Bxd2 Qd4 37. Kg2 Qg1+ 38. Kf3 Qh1+ 39. Kf4 Qh3 0-1

[Event "Piestany Slovakia op-A"]
[Site "Piestany"]
[Date "2023.07.14"]
[Round "4"]
[White "Nielsen, Jon I Horni"]
[Black "Kulich, Daniel"]
[Result "1-0"]
[WhiteElo "2063"]
[BlackElo "1983"]
[PlyCount "113"]
[EventDate "2023.07.11"]
[EventType "swiss"]
[EventRounds "9"]
[EventCountry "SVK"]
[SourceTitle "EXT 2024"]
[Source "ChessBase"]
[SourceDate "2023.10.10"]
[SourceVersion "1"]
[SourceVersionDate "2023.10.10"]
[SourceQuality "1"]

1. e4 c6 2. d4 d5 3. Nc3 dxe4 4. Nxe4 Bf5 5. Ng3 Bg6 6. h4 h6 7. Nf3 Nd7 8. h5 Bh7 9. Bd3 Bxd3 10. Qxd3 e6 11. Bd2 Ngf6 12. 0-0-0 Be7 13. Nf1 0-0 14. Ne3 c5 15. c3 Qa5 16. Kb1 b5 17. g4 c4 18. Qc2 Nh7 19. Ng2 b4 20. cxb4 Bxb4 21. Qxc4 Bxd2 22. Nxd2 Rfc8 23. Qd3 Rab8 24. Nb3 Qb4 25. Rc1 Rxc1+ 26. Rxc1 a5 27. Qc3 a4 28. Nc5 Nxc5 29. Qxb4 Rxb4 30. dxc5 a3 31. b3 Nf6 32. Ne3 Kf8 33. f3 Ke7 34. Rc4 Rb7 35. Nc2 g6 36. hxg6 fxg6 37. Nxa3 h5 38. gxh5 gxh5 39. c6 Rc7 40. Nb5 Rc8 41. c7 Nd5 42. Kc1 Kd7 43. Kd2 Nb6 44. Rh4 Rh8 45. a4 Nd5 46. Ke2 e5 47. Kd3 Nf4+ 48. Ke4 Ng6 49. Rh1 h4 50. a5 h3 51. a6 h2 52. a7 Kc6 53. a8Q+ Rxa8 54. c8Q+ Rxc8 55. Na7+ Kb7 56. Nxc8 Kxc8 57. Rxh2 1-0

[Event "SVK-ch U16"]
[Site "Dudince"]
[Date "2023.04.23"]
[Round "9"]
[White "Straka, Simon"]
[Black "Kulich, Daniel"]
[Result "1-0"]
[WhiteElo "1937"]
[BlackElo "1920"]
[PlyCount "67"]
[EventDate "2023.04.16"]
[EventType "swiss"]
[EventRounds "9"]
[EventCountry "SVK"]
[SourceTitle "CBM 213 Extra"]
[Source "ChessBase"]
[SourceDate "2023.05.31"]
[SourceVersion "1"]
[SourceVersionDate "2023.05.31"]
[SourceQuality "1"]

1. Nf3 d5 2. g3 Nf6 3. Bg2 c5 4. 0-0 Nc6 5. d4 e6 6. c4 dxc4 7. dxc5 Bxc5 8. Qa4 0-0 9. Qxc4 Qe7 10. Nc3 a6 11. Bg5 h6 12. Bxf6 gxf6 13. Rac1 Ba7 14. Qh4 Kg7 15. Ne1 f5 16. Qh3 Qg5 17. Nd3 Qg4 18. Qxg4+ fxg4 19. e3 Bd7 20. Ne4 Rfd8 21. Ndc5 f5 22. Nxb7 fxe4 23. Nxd8 Rxd8 24. Bxe4 Ne7 25. Rc7 Bb8 26. Rb7 Kf6 27. Rd1 Nd5 28. Bxd5 Bc6 29. Rxb8 Rxb8 30. Bxc6 Rxb2 31. a4 Rc2 32. Bb7 a5 33. Ba6 Kf5 34. Bd3+ 1-0